Nghiên cứu một số đặc điểm sinh thái của quần thể dế than trong điều kiện nuôi tại Sơn Trà, TP Đà Nẵng
Tổng quan tài liệu; Đối tượng và phương pháp nghiên cứu; Kết quả và bàn luận...
Bewaard in:
| Hoofdauteur: | |
|---|---|
| Andere auteurs: | |
| Formaat: | Boek |
| Taal: | Vietnamese |
| Gepubliceerd in: |
Đà Nẵng
Đại học Đà Nẵng
2013
|
| Onderwerpen: | |
| Tags: |
Voeg label toe
Geen labels, Wees de eerste die dit record labelt!
|
| Thư viện lưu trữ: | Mạng thư viện Đại học Đà Nẵng |
|---|
| LEADER | 01579nam a2200337 4500 | ||
|---|---|---|---|
| 001 | 000019200 | ||
| 003 | 15635 | ||
| 005 | 20140331150338.0 | ||
| 008 | 140331s2013 viesd | ||
| 041 | |a vie | ||
| 082 | 1 | 4 | |a 595.726 |b PH-H |
| 100 | |a Phan Thị Thu Huyền | ||
| 245 | |a Nghiên cứu một số đặc điểm sinh thái của quần thể dế than trong điều kiện nuôi tại Sơn Trà, TP Đà Nẵng |c Phan Thị Thu Huyền ; Đinh Thị Phương Anh hướng dẫn. |k Luận văn Thạc sĩ | ||
| 260 | |a Đà Nẵng |b Đại học Đà Nẵng |c 2013 | ||
| 300 | |a 97 tr., phụ lục 8 tr. |b Hình mh. |c 29 cm. |e Tóm tắt | ||
| 500 | |a Luận văn thạc sĩ Khoa học. Chuyên ngành : Sinh Thái học. Mã số: 60.42.60. | ||
| 520 | |a Tổng quan tài liệu; Đối tượng và phương pháp nghiên cứu; Kết quả và bàn luận... | ||
| 650 | 0 | 4 | |a Dế than |v Luận văn tốt nghiệp |x Sinh Thái học |x Nghiên cứu |z Sơn Trà, Đà Nẵng |
| 653 | |a Sinh thái học | ||
| 653 | |a Dế than | ||
| 700 | |a Đinh Thị Phương Anh |c PGS.TS |e Hướng dẫn | ||
| OWN | |a LSP | ||
| AVA | |a UDN50 |b LSP |d 595.726 PH-H |e available |t Error 5001 Not defined in file expand_doc_bib_avail. |f 1 |g 0 |h N |i 0 |k 1 | ||
| 999 | |a From the UDN01 | ||
| AVA | |a UDN50 |b LSP |d 595.726 PH-H |e available |t Error 5001 Not defined in file expand_doc_bib_avail. |f 1 |g 0 |h N |i 0 |k 1 | ||
| TYP | |a Monograph | ||
| TYP | |a Printed language | ||
| 980 | |a Mạng thư viện Đại học Đà Nẵng | ||